000 00627nam a2200157Ia 4500
008 210719s2008 xx 000 0 und d
041 _aeng
082 _a658.8 RAOC
100 _aRAO (Nidhi)
245 _aCustomer satisfaction of pulsar bike with special reference to the services provided by bajaj probiking
260 _aMangalore
_bDepartment of Business Management St Aloysius College
_c2008
300 _a43
_bHB
650 _aProject Reports
650 _aProject Reports
906 _abajaj ; bike ; by ; Customer ; of ; probiking ; provided ; pulsar ; reference ; satisfaction ; services ; special ; the ; to ; with
999 _c215096
_d215096